书目信息 |
| 题名: |
高中数学教案
|
|
| 作者: | ;北京师范大学 编 | |
| 分册: | 立体几何 | |
| 出版信息: | 北京 北京师范大学出版社 1987 |
|
| 页数: | 288页 | |
| 开本: | 19cm | |
| 丛书名: | ||
| 单 册: | ||
| 中图分类: | G633.63 , G633.632 | |
| 科图分类: | ||
| 主题词: | 高中--数学--教案(教育) , 立体几何--高中--教案(教育) , 教育--各级 , 数学--高中--教案(教育) | |
| 电子资源: | ||
| ISBN: | 7-303-00031-3 | |
| 000 | 00784nam 2200265 45 | |
| 001 | TLS9402611 | |
| 005 | 20061104103845.64 | |
| 010 | @a7-303-00031-3@dCNY2.00 | |
| 091 | @a7243.555 | |
| 100 | @a19940602d1987 em y0chiy0120 ea | |
| 101 | 0 | @achi |
| 102 | @aCN@b110000 | |
| 105 | @aak z 000yy | |
| 200 | 1 | @a高中数学教案@AGao Zhong Shu Xue Jiao An@i立体几何@f本社编@FBen She Bian |
| 210 | @a北京@c北京师范大学出版社@d1987 | |
| 215 | @a288页@c图@d19cm | |
| 606 | @a高中--数学@x教案(教育) | |
| 606 | @a立体几何--高中@x教案(教育) | |
| 606 | 0 | @a教育@x各级 |
| 606 | @a数学--高中@x教案(教育) | |
| 690 | @aG633.63 | |
| 690 | @aG633.632@v3 | |
| 711 | 02 | @a北京师范大学@ABei Jing Shi Fan Da Xue@b出版社@4编 |
| 801 | 0 | @aCN@bPUL@c20061104 |
| 905 | @f3@b233190-192@dG633.63@e158 | |
| 高中数学教案.立体几何/本社编.-北京:北京师范大学出版社,1987 |
| 288页:图;19cm |
| ISBN 7-303-00031-3:CNY2.00 |
| ● |
| 相关链接 |
|
|
|
|
正题名:高中数学教案
索取号:G633.63/158
 
预约/预借
| 序号 | 登录号 | 条形码 | 馆藏地/架位号 | 状态 | 备注 |
| 1 | 0233190 | 000241857 | 密集书库/ [索取号:G633.63/158] | 在馆 | |
| 2 | 0233191 | 000241866 | 密集书库/ [索取号:G633.63/158] | 在馆 | |
| 3 | 0233192 | 000241875 | 密集书库/ [索取号:G633.63/158] | 在馆 | |
| 4 | 0233194 | 000241928 | 第一样本阅览室/ [索取号:G633.63/158] | 在馆 |